APEC Schools

College English for today 1 (Record no. 69)

000 -LEADER
fixed length control field nam a22 7a 4500
005 - DATE AND TIME OF LATEST TRANSACTION
control field 20170810025652.0
008 - FIXED-LENGTH DATA ELEMENTS--GENERAL INFORMATION
fixed length control field 170810b xxu||||| |||| 00| 0 eng d
020 ## - IDENTIFIER FOR THE MANIFESTATION
Identifier for the Manifestation 9789712724060
Binding paperback
040 ## - CATALOGING SOURCE
Language of Cataloging eng
Transcribing Agency APEC Schools Library
Description Conventions rda
082 ## - DEWEY DECIMAL CLASSIFICATION NUMBER
Classification number C 428
Author's Number H113co 2010
100 ## - CREATOR
Preferred Name of the Person Habana, Pacita I.
245 ## - TITLE AND STATEMENT OF RESPONSIBILITY
Preferred Title Proper College English for today 1
Statement of Responsibility/Parallel Statement of Responsibility Pacita I. Habana, Alicia L. Cinco
250 ## - EDITION STATEMENT
Designation of Edition/Designation of a Named Revision of an Edition new edition
264 ## - PUBLICATION STATEMENT
Place of publication, distribution, etc Mandaluyong City, PH :
Publisher's Name/Parallel Publisher's Name Anvil Publishing ,
Copyright ©2010
Date of Publication [2010]
300 ## - PHYSICAL DESCRIPTION
Extent 327 pages ;
Dimensions 26 cm
336 ## - RDA CONTENT
Source rdacontent
Content Type text
337 ## - RDA MEDIA
Source rdamedia
Media Type unmediated
338 ## - RDA CARRIER
Source rdacarrier
Carrier Type volume
504 ## - BIBLIOGRAPHY, ETC. NOTE
Bibliography, etc Includes bibliographical references.
650 ## - ADDED SUBJECT ACCESS POINT - TOPICAL TERM
Topical Term English language
Form Subdivision Study and teaching (Secondary)
650 ## - ADDED SUBJECT ACCESS POINT - TOPICAL TERM
Topical Term English language
Form Subdivision Usage
650 ## - ADDED SUBJECT ACCESS POINT - TOPICAL TERM
Topical Term English language
Form Subdivision Grammar
942 ## - ADDED ENTRY ELEMENTS (KOHA)
Source of Classification
Koha Item Type Books
Holdings
Library Site Location Shelving Location Source of Acquisition Full Classification Number Accession Number Koha Item Type
APEC C. Raymundo Library APEC C. Raymundo Library Circulation   C 428 H113co 2010 A07-0000027 Non Fiction
APEC Doña Juana Library APEC Doña Juana Library Circulation   C 428 H113co 2010 A02-0000032 Non Fiction
APEC España Library APEC España Library Circulation   C 428 H113co 2010 B11-0000023 Non Fiction
APEC Holy Spirit Library APEC Holy Spirit Library Circulation   C 428 H113co 2010 A03-0000029 Non Fiction
APEC North Fairview Library APEC North Fairview Library Circulation   C 428 H113co 2010 A04-0000029 Non Fiction
APEC V. Luna Library APEC V. Luna Library Circulation   C 428 H113co 2010 A01-0000035 Non Fiction

Powered by Koha